Tribhuvan University Central Library
Normal view MARC view
  • Socialist

Entry Topical Term

Number of records used in: 6

001 - CONTROL NUMBER

  • control field: 3926

003 - CONTROL NUMBER IDENTIFIER

  • control field: OSt

005 - DATE AND TIME OF LATEST TRANSACTION

  • control field: 20101210115755.0

008 - FIXED-LENGTH DATA ELEMENTS

  • fixed length control field: 101210|||a|||||| | ||| d

040 ## - CATALOGING SOURCE

  • Original cataloging agency: OSt
  • Transcribing agency: OSt

150 ## - HEADING--TOPICAL TERM

  • Topical term or geographic name as entry element: Socialist

670 ## - SOURCE DATA FOUND

  • Source citation: Work cat.: (OSt): Soviet Foreign Policy 1945-1980;, 1981

670 ## - SOURCE DATA FOUND

  • Source citation: Work cat.: (OSt): Soviet Foreign Policy 1945-1980;, 1981